000 00560nam a22002057a 4500
999 _c6238
_d6238
003 OSt
005 20190819113307.0
008 190819b ||||| |||| 00| 0 eng d
020 _a9781292174341
040 _cDDC
082 _a620.11 JAM 2018
100 _aJames, Glyn; Dyke, Phil
_912831
245 _aAdvanced Modern Engineering Mathematics
250 _a5th ed.
260 _aEngland;
_bPearson,
_c2018
300 _axviii,987p;
_bcol.ill: 25cm
504 _aAnswers, & index included
650 _aEngineering mathematics
_94174
942 _2ddc
_cSLOAN